000 00673pam a2200217 a 4500
001 4472242
005 20180918074017.0
008 960816s1997 njua 001 0 eng
010 _a 96036303
020 _a0135692946
040 _aDLC
_cDLC
_dDLC
041 _aeng
080 _a540 HIL
082 0 0 _a540 HIL
_220
100 1 _a12
101 _aKIM
245 1 0 _aChemistry and life :
906 _a7
_bcbc
_corignew
_d1
_eocip
_f19
_gy-gencatlg
942 _2ddc
_cBK
999 _c47946
_d47946